Lãnh đạo giản đơn Leading simple
Guardat en:
| Autor principal: | |
|---|---|
| Altres autors: | , |
| Format: | Llibre |
| Publicat: |
Tp Hồ Chí Minh
MinhLongBooks; Thanh Niên
2019
|
| Matèries: | |
| Etiquetes: |
Afegir etiqueta
Sense etiquetes, Sigues el primer a etiquetar aquest registre!
|
| Thư viện lưu trữ: | Trung tâm Học liệu Lê Vũ Hùng, Trường Đại học Đồng Tháp |
|---|
| LEADER | 00829pam a22002538a 4500 | ||
|---|---|---|---|
| 001 | 00044868 | ||
| 005 | 20191016101054.0 | ||
| 008 | 161209s2014 ||||||Chisd | ||
| 020 | # | # | |c 83000 |a 9786049750083 |
| 041 | 0 | # | |a Vie |
| 082 | 1 | 4 | |a 658.4 |b L107Đ |
| 100 | 1 | # | |a Grundl, Boris |
| 245 | 1 | 0 | |a Lãnh đạo giản đơn |c Boris Grundl, Bodo Schafer; Nguyễn Phương Hoa (dịch) |b Leading simple |
| 260 | # | # | |b MinhLongBooks; Thanh Niên |c 2019 |a Tp Hồ Chí Minh |
| 300 | # | # | |a 262 tr. |c 21 cm. |
| 653 | # | # | |a Kinh doanh |
| 653 | # | # | |a Thành công |
| 653 | # | # | |a Lãnh đạo |
| 653 | # | # | |a Kỹ năng |
| 700 | 1 | # | |a Schafer; Bodo |
| 700 | # | # | |a Nguyễn, Phương Hoa |e Dịch |
| 852 | # | # | |j KD.0026312 |
| 910 | # | # | |f 16/10/2019 |
| 980 | # | # | |a Trung tâm Học liệu Lê Vũ Hùng, Trường Đại học Đồng Tháp |


